[Event "DEM U18 2006"]
[Site "Willingen GER"]
[Date "2006.06.04"]
[Round "2"]
[White "Hauser, Carlos"]
[Black "Cara, Bogdan"]
[Result "1-0"]
[Termination "normal"]
[Board "11"]
[WhiteElo "2134"]
[BlackElo "2027"]
[PlyCount "151"]
[WhiteFideId "24608238"]
[EventCountry "GER"]
[EventRounds "9"]
[EventType "swiss"]
[EventDate "2006.06.03"]

1. d4 d5 2. c4 e6 3. Nc3 f5 4. e3 Nf6 5. Bd3 c6 6. Nge2 Bd6 7. f3 O-O 8. O-O
Qc7 9. g3 b6 10. Qc2 g6 11. e4 fxe4 12. fxe4 dxe4 13. Nxe4 Nxe4 14. Rxf8+ Bxf8
15. Bxe4 e5 16. dxe5 Bc5+ 17. Kh1 Qxe5 18. Bf4 Qf6 19. Qc3 Qe7 20. Bf3 Bf5 21.
Rd1 g5 22. Qe5 Bc2 23. Rd2 gxf4 24. Qxe7 Bxe7 25. Rxc2 fxg3 26. Nxg3 a5 27. Re2
Ra7 28. Nf5 Kf7 29. Kg2 c5 30. Kg3 Na6 31. a3 Kf6 32. Kf4 Bf8 33. Bd5 Nc7 34.
Bg8 h6 35. h4 Ra8 36. h5 Bd6+ 37. Nxd6 Rxg8 38. Ne4+ Kf7 39. Rd2 Ne6+ 40. Ke5
Nd4 41. Rf2+ Ke7 42. Rf6 Rf8 43. Rxf8 Kxf8 44. Kf6 Nc2 45. Kg6 Ne3 46. Nd6 Ng4
47. b3 Kg8 48. a4 Ne5+ 49. Kxh6 Nd3 50. Kg6 Ne5+ 51. Kg5 Nf3+ 52. Kf6 Kh7 53.
Ne4 Kh6 54. Ke7 Kxh5 55. Kd6 Kg4 56. Nf6+ Kf5 57. Nd5 Ke4 58. Nxb6 Kd4 59. Nd7
Nh4 60. Nxc5 Nf5+ 61. Kc6 Ne7+ 62. Kb5 Nc8 63. Nb7 Kc3 64. Nxa5 Nd6+ 65. Kc5
Ne4+ 66. Kd5 Nf6+ 67. Ke5 Ng4+ 68. Kd6 Kb4 69. Nc6+ Kxb3 70. a5 Nf6 71. a6 Ne8+
72. Kd7 Nf6+ 73. Kc8 Kxc4 74. a7 Nd5 75. Kb7 Kb5 76. a8=Q 1-0

[Event "DEM U18 2006"]
[Site "Willingen GER"]
[Date "2006.06.04"]
[Round "2"]
[White "Friedrich, Paul-Robert"]
[Black "Wolter, Jens"]
[Result "1-0"]
[Termination "normal"]
[Board "12"]
[WhiteElo "1985"]
[BlackElo "2107"]
[PlyCount "75"]
[WhiteFideId "24616036"]
[BlackFideId "4698185"]
[EventCountry "GER"]
[EventRounds "9"]
[EventType "swiss"]
[EventDate "2006.06.03"]

1. d4 Nf6 2. c4 g6 3. Nc3 Bg7 4. e4 d6 5. Be2 O-O 6. Nf3 Nc6 7. O-O e5 8. d5
Ne7 9. Ne1 Nd7 10. Be3 f5 11. f3 f4 12. Bf2 g5 13. b4 a6 14. c5 Nf6 15. a4 h5
16. a5 Kh8 17. cxd6 cxd6 18. Na4 Rg8 19. Bb6 Qf8 20. Bc7 g4 21. Nb6 Ng6 22.
Nxa8 g3 23. Nb6 Qe7 24. Nxc8 Rxc8 25. Bb6 Nh7 26. h3 Qh4 27. Rc1 Rg8 28. Qd2
Ng5 29. Bd3 Bf6 30. b5 Nf8 31. bxa6 Nfh7 32. axb7 Nxh3+ 33. gxh3 Ng5 34. Rc8
Nxh3+ 35. Kg2 Nf2 36. Rxg8+ Kh7 37. Rxf2 Qh2+ 38. Kf1 1-0

[Event "DEM U18 2006"]
[Site "Willingen GER"]
[Date "2006.06.04"]
[Round "2"]
[White "Ratkovitch, Dimitri"]
[Black "Decker, Nils"]
[Result "1/2-1/2"]
[Termination "normal"]
[Board "13"]
[WhiteElo "2083"]
[BlackElo "2001"]
[PlyCount "35"]
[WhiteFideId "24608050"]
[EventCountry "GER"]
[EventRounds "9"]
[EventType "swiss"]
[EventDate "2006.06.03"]

1. e4 c5 2. c3 Nf6 3. e5 Nd5 4. d4 cxd4 5. Nf3 e6 6. cxd4 d6 7. Bc4 Nc6 8. O-O
Be7 9. Qe2 O-O 10. Nc3 Nxc3 11. bxc3 dxe5 12. dxe5 Qa5 13. Bd2 Rd8 14. Qe4 Qa4
15. Bg5 h6 16. Bxe7 Nxe7 17. Rfb1 Bd7 18. Qe2 1/2-1/2

[Event "DEM U18 2006"]
[Site "Willingen GER"]
[Date "2006.06.04"]
[Round "2"]
[White "Rafiee, Makan"]
[Black "Grünke, Paul"]
[Result "1/2-1/2"]
[Termination "normal"]
[Board "14"]
[WhiteElo "2044"]
[BlackElo "1874"]
[PlyCount "92"]
[WhiteFideId "24609340"]
[BlackFideId "24647802"]
[EventCountry "GER"]
[EventRounds "9"]
[EventType "swiss"]
[EventDate "2006.06.03"]

1. e4 c5 2. Nf3 d6 3. d4 cxd4 4. Nxd4 Nf6 5. Nc3 a6 6. Bg5 e6 7. f4 Be7 8. Qf3
h6 9. Bh4 g5 10. fxg5 Nfd7 11. Be2 Ne5 12. Qh5 Kd7 13. Nf3 Nbc6 14. gxh6 Nxf3+
15. Bxf3 Bxh4+ 16. g3 Bg5 17. Qxf7+ Qe7 18. Qxe7+ Kxe7 19. h4 Bxh6 20. g4 Ne5
21. Ke2 Bd7 22. g5 Nxf3 23. Kxf3 Bg7 24. Ne2 Be8 25. Nf4 Be5 26. Ke3 Bxf4+ 27.
Kxf4 Bh5 28. Rag1 Raf8+ 29. Ke3 Rhg8 30. Rh3 e5 31. c4 Rf4 32. Kd3 Rf3+ 33.
Rxf3 Bxf3 34. Rg3 Bh5 35. Kd2 Rf8 36. Rb3 Rb8 37. Rb6 Kd7 38. c5 Kc7 39. Rxd6
Rd8 40. Rxd8 Kxd8 41. Kd3 Kc7 42. b4 b6 43. cxb6+ Kxb6 44. a4 Bf7 45. Ke3 Kc6
46. Kd3 Kd6 1/2-1/2

[Event "DEM U18 2006"]
[Site "Willingen GER"]
[Date "2006.06.05"]
[Round "3"]
[White "Figura, Atila Gajo"]
[Black "Armbrust, Florian"]
[Result "1/2-1/2"]
[Termination "normal"]
[Board "1"]
[WhiteElo "2352"]
[BlackElo "2272"]
[PlyCount "64"]
[WhiteFideId "4688058"]
[BlackFideId "4691350"]
[EventCountry "GER"]
[EventRounds "9"]
[EventType "swiss"]
[EventDate "2006.06.03"]

1. d4 Nf6 2. c4 g6 3. Nc3 Bg7 4. e4 d6 5. Nf3 O-O 6. Be2 e5 7. Be3 Ng4 8. Bg5
f6 9. Bh4 g5 10. Bg3 Nh6 11. d5 f5 12. exf5 g4 13. Nd2 Bxf5 14. Nde4 Nd7 15.
O-O Kh8 16. Rc1 Qe8 17. Re1 Qg6 18. Bd3 Nf7 19. Nb5 Rfc8 20. c5 a6 21. c6 bxc6
22. dxc6 Nc5 23. Nxc5 axb5 24. Bxf5 Qxf5 25. Ne4 Rxa2 26. Qb3 Ra5 27. Nc3 Bh6
28. Rcd1 Nd8 29. Nxb5 Nxc6 30. Qc4 Ne7 31. b4 Raa8 32. Nd4 Qf6 1/2-1/2

[Event "DEM U18 2006"]
[Site "Willingen GER"]
[Date "2006.06.05"]
[Round "3"]
[White "Becker, Nils"]
[Black "Feuerstack, Aljoscha"]
[Result "0-1"]
[Termination "normal"]
[Board "2"]
[WhiteElo "2165"]
[BlackElo "2296"]
[PlyCount "46"]
[WhiteFideId "4695216"]
[BlackFideId "4681932"]
[EventCountry "GER"]
[EventRounds "9"]
[EventType "swiss"]
[EventDate "2006.06.03"]

1. e4 c5 2. Nf3 e6 3. d4 cxd4 4. Nxd4 Nf6 5. Nc3 Nc6 6. Ndb5 Bc5 7. Nd6+ Ke7 8.
Nxc8+ Rxc8 9. Bd3 d5 10. exd5 Nxd5 11. Ne4 Ne5 12. Nxc5 Rxc5 13. Be4 Nf6 14.
Bg5 Qa5+ 15. c3 Rd8 16. Qc2 Qb5 17. a4 Qc4 18. Rd1 Rcc8 19. Bxb7 Rxd1+ 20. Kxd1
Qg4+ 21. Qe2 Rd8+ 22. Bd2 Qxa4+ 23. Kc1 Nd3+ 0-1

[Event "DEM U18 2006"]
[Site "Willingen GER"]
[Date "2006.06.05"]
[Round "3"]
[White "Huschenbeth, Niclas"]
[Black "Hirneise, Tobias"]
[Result "1/2-1/2"]
[Termination "normal"]
[Board "3"]
[WhiteElo "2293"]
[BlackElo "2210"]
[PlyCount "55"]
[WhiteFideId "24604747"]
[BlackFideId "24600881"]
[EventCountry "GER"]
[EventRounds "9"]
[EventType "swiss"]
[EventDate "2006.06.03"]

1. e4 c5 2. Nf3 e6 3. d4 cxd4 4. Nxd4 a6 5. Bd3 Bc5 6. Nb3 Ba7 7. O-O Nc6 8.
Qg4 Nf6 9. Qxg7 Rg8 10. Qh6 Ne5 11. Be2 b5 12. Be3 Rg6 13. Qh3 Bb7 14. Bxa7
Bxe4 15. Bd4 Rxg2+ 16. Qxg2 Bxg2 17. Kxg2 Ng6 18. Kh1 h5 19. N1d2 Ng4 20. f4
Qc7 21. h3 Nh6 22. Bf3 Rc8 23. Rae1 Nf5 24. Ne4 Qxf4 25. Nf6+ Kf8 26. Nh7+ Ke8
27. Nf6+ Kf8 28. Nh7+ 1/2-1/2

[Event "DEM U18 2006"]
[Site "Willingen GER"]
[Date "2006.06.05"]
[Round "3"]
[White "Abel, Dennes"]
[Black "Grimberg, Boris"]
[Result "1-0"]
[Termination "normal"]
[Board "4"]
[WhiteElo "2268"]
[BlackElo "2140"]
[PlyCount "91"]
[WhiteFideId "24605417"]
[BlackFideId "4697499"]
[EventCountry "GER"]
[EventRounds "9"]
[EventType "swiss"]
[EventDate "2006.06.03"]

1. e4 c5 2. Nf3 d6 3. d4 cxd4 4. Nxd4 Nf6 5. Nc3 a6 6. Bg5 e6 7. f4 Nbd7 8. Qf3
Qc7 9. O-O-O Be7 10. g4 b5 11. Bxf6 Nxf6 12. g5 Nd7 13. f5 Bxg5+ 14. Kb1 Ne5
15. Qh5 Qd8 16. Nxe6 Bxe6 17. fxe6 O-O 18. Bh3 g6 19. Qe2 fxe6 20. Bxe6+ Kh8
21. Nd5 Ra7 22. Rhf1 Rxf1 23. Qxf1 Ra8 24. a3 Rb8 25. Qg1 Rb7 26. Bc8 Qxc8 27.
Qxg5 Rf7 28. Nb4 a5 29. Nd3 Nxd3 30. cxd3 Qb8 31. Qd5 Kg7 32. Qd4+ Kg8 33. Rc1
b4 34. a4 b3 35. Qd5 Kg7 36. Qxa5 Ra7 37. Qc3+ Kh6 38. Qd4 Rc7 39. Rc3 Rxc3 40.
bxc3 Qf8 41. Kb2 Qf1 42. Kxb3 Qb1+ 43. Kc4 Qa2+ 44. Kb5 Qb3+ 45. Kc6 Qa3 46.
Qb4 1-0

[Event "DEM U18 2006"]
[Site "Willingen GER"]
[Date "2006.06.05"]
[Round "3"]
[White "Behm, Simon"]
[Black "Zebisch, Paul"]
[Result "0-1"]
[Termination "normal"]
[Board "5"]
[WhiteElo "2243"]
[BlackElo "2039"]
[PlyCount "60"]
[WhiteFideId "4691962"]
[BlackFideId "24601535"]
[EventCountry "GER"]
[EventRounds "9"]
[EventType "swiss"]
[EventDate "2006.06.03"]

1. d4 Nf6 2. c4 g6 3. Nc3 Bg7 4. e4 d6 5. Be2 O-O 6. Nf3 e5 7. O-O Nc6 8. d5
Ne7 9. b4 a5 10. Ba3 axb4 11. Bxb4 b6 12. a4 Re8 13. a5 c5 14. dxc6 Nxc6 15.
Bxd6 Nd4 16. Nxd4 exd4 17. Nb5 Nxe4 18. Bc7 Qh4 19. Bf3 Rxa5 20. Rxa5 bxa5 21.
Bxe4 Rxe4 22. Nd6 Bg4 23. f3 Be5 24. h3 Re3 25. Ne4 Bxf3 26. Bxe5 Bxd1 27. Nf6+
Kg7 28. Nh5+ Kh6 29. Bg7+ Kxh5 30. g4+ Bxg4 0-1

[Event "DEM U18 2006"]
[Site "Willingen GER"]
[Date "2006.06.05"]
[Round "3"]
[White "Krug, Kevin"]
[Black "Rehberg, Raphael"]
[Result "1/2-1/2"]
[Termination "normal"]
[Board "6"]
[WhiteElo "2114"]
[BlackElo "2246"]
[PlyCount "91"]
[WhiteFideId "24609110"]
[BlackFideId "4686799"]
[EventCountry "GER"]
[EventRounds "9"]
[EventType "swiss"]
[EventDate "2006.06.03"]

1. d4 Nf6 2. c4 e6 3. Nc3 Bb4 4. Qc2 O-O 5. a3 Bxc3+ 6. Qxc3 b6 7. Bg5 Bb7 8.
f3 d5 9. e3 Nbd7 10. cxd5 Nxd5 11. Bxd8 Nxc3 12. Bh4 Nd5 13. Bf2 Rac8 14. Bb5
c6 15. Ba4 b5 16. Bd1 c5 17. Ne2 cxd4 18. Nxd4 Ne5 19. O-O Nc4 20. e4 Nf4 21.
b3 Nd2 22. Re1 Rfd8 23. Be3 e5 24. Nf5 Rc3 25. Ra2 Nxb3 26. Bxb3 Rxb3 27. Bxa7
g6 28. Nh6+ Kg7 29. Ng4 Nd3 30. Rd1 Ra8 31. Rad2 Rxa7 32. Rxd3 Raxa3 33. Rxb3
Rxb3 34. Nxe5 Bc8 35. Nc6 Rb2 36. Rd4 Be6 37. Nb4 Bc4 38. Nd5 h5 39. h4 f6 40.
Ne3 Be6 41. Nd5 g5 42. Nc7 Bf7 43. Rd7 gxh4 44. Ne6+ Kg8 45. Rd8+ Kh7 46. Rd7
1/2-1/2

[Event "DEM U18 2006"]
[Site "Willingen GER"]
[Date "2006.06.05"]
[Round "3"]
[White "Bracker, Frank"]
[Black "Frübing, Stefan"]
[Result "0-1"]
[Termination "normal"]
[Board "7"]
[WhiteElo "2058"]
[BlackElo "2233"]
[PlyCount "80"]
[WhiteFideId "24614343"]
[BlackFideId "4682165"]
[EventCountry "GER"]
[EventRounds "9"]
[EventType "swiss"]
[EventDate "2006.06.03"]

1. e4 c5 2. Nf3 d6 3. d4 cxd4 4. Nxd4 Nf6 5. Nc3 g6 6. Be3 Bg7 7. f3 O-O 8. Qd2
Nc6 9. Bc4 Bd7 10. O-O-O Rc8 11. Bb3 Nxd4 12. Bxd4 b5 13. Nd5 Nxd5 14. Bxg7
Kxg7 15. exd5 a5 16. a3 b4 17. axb4 axb4 18. Qxb4 Kg8 19. Rd3 Rb8 20. Qd4 Qa5
21. Rhd1 Rb4 22. Qe3 Qa1+ 23. Kd2 Qxb2 24. Ke1 Rc8 25. R3d2 Qf6 26. Kf2 Rc3 27.
Rd3 Rc7 28. Kg1 Bf5 29. R3d2 Rc3 30. Qf2 h5 31. Re1 Qg5 32. Rde2 Rb7 33. Qg3
Qf6 34. Qf2 Rbc7 35. Rd2 Qg5 36. Kh1 h4 37. h3 Qf4 38. Rd4 Qg3 39. Rd2 Kf8 40.
Ree2 Rxb3 0-1

[Event "DEM U18 2006"]
[Site "Willingen GER"]
[Date "2006.06.05"]
[Round "3"]
[White "Friedrich, Paul-Robert"]
[Black "Mijatovic, Vladimir"]
[Result "0-1"]
[Termination "normal"]
[Board "8"]
[WhiteElo "1985"]
[BlackElo "2213"]
[PlyCount "84"]
[WhiteFideId "24616036"]
[BlackFideId "934062"]
[EventCountry "GER"]
[EventRounds "9"]
[EventType "swiss"]
[EventDate "2006.06.03"]

1. d4 f5 2. c4 Nf6 3. Nc3 d6 4. Nf3 g6 5. e3 Bg7 6. Bd3 O-O 7. Qc2 Nc6 8. d5
Nb4 9. Qd1 Nxd3+ 10. Qxd3 e5 11. e4 Qe8 12. Bg5 fxe4 13. Nxe4 Nxe4 14. Qxe4 Bf5
15. Qe3 b5 16. O-O bxc4 17. Rfc1 Qb5 18. b3 Qxd5 19. bxc4 Qe6 20. Nd2 c6 21.
Nb3 d5 22. cxd5 cxd5 23. Rc7 Rf7 24. Rac1 d4 25. Qd2 Raf8 26. Qa5 Qb6 27. Rxf7
Rxf7 28. Qd5 Be6 29. Qc6 Qxc6 30. Rxc6 Bxb3 31. axb3 Rb7 32. Rc8+ Kf7 33. Ra8
Bf6 34. Bd2 Be7 35. b4 Ke6 36. g3 Bxb4 37. Bxb4 Rxb4 38. Rxa7 h5 39. Kg2 e4 40.
Ra2 d3 41. Rd2 Rc4 42. Rd1 Rc2 0-1

[Event "DEM U18 2006"]
[Site "Willingen GER"]
[Date "2006.06.05"]
[Round "3"]
[White "Bäumler, Ilja"]
[Black "Hauser, Carlos"]
[Result "1-0"]
[Termination "normal"]
[Board "9"]
[WhiteElo "2209"]
[BlackElo "2134"]
[PlyCount "103"]
[WhiteFideId "4681070"]
[BlackFideId "24608238"]
[EventCountry "GER"]
[EventRounds "9"]
[EventType "swiss"]
[EventDate "2006.06.03"]

1. e4 c5 2. c3 Nf6 3. e5 Nd5 4. d4 cxd4 5. Nf3 e6 6. cxd4 d6 7. Bc4 Nb6 8. Bd3
Nc6 9. O-O Nb4 10. Be4 d5 11. Bd3 Nxd3 12. Qxd3 Be7 13. Nc3 a6 14. Ne1 Bd7 15.
Qg3 g6 16. Bh6 Na4 17. Rc1 Nxb2 18. Nf3 Nc4 19. Qh3 Rg8 20. Qg4 Bf8 21. Qf4
Bxh6 22. Qxh6 Qe7 23. Ng5 O-O-O 24. Nce4 Kb8 25. Nf6 Rh8 26. Qg7 Rdf8 27. Ngxh7
Rc8 28. Ng5 Bb5 29. Qxf7 Qa3 30. Nxe6 Nd2 31. Rc7 Bc6 32. Rd1 Qa5 33. Nd7+ Ka8
34. Ndc5 Qb6 35. h3 Ne4 36. Re7 Nxc5 37. Nxc5 Rhf8 38. Qxg6 Qb2 39. Qg3 Qxa2
40. Qe3 Qc2 41. Rd2 Qc1+ 42. Kh2 Rg8 43. g3 Rh8 44. Rg7 Rxh3+ 45. Kxh3 Rh8+ 46.
Kg4 Qh1 47. Qg5 Qh3+ 48. Kf4 Rf8+ 49. Ke3 Qh1 50. Qg4 Bb5 51. Rd1 Qg2 52. Rf7
1-0

[Event "DEM U18 2006"]
[Site "Willingen GER"]
[Date "2006.06.05"]
[Round "3"]
[White "Decker, Nils"]
[Black "Siebarth, Raiko"]
[Result "1/2-1/2"]
[Termination "normal"]
[Board "10"]
[WhiteElo "2001"]
[BlackElo "2185"]
[PlyCount "84"]
[BlackFideId "4674766"]
[EventCountry "GER"]
[EventRounds "9"]
[EventType "swiss"]
[EventDate "2006.06.03"]

1. e4 c5 2. Nf3 d6 3. c3 Nf6 4. Be2 e6 5. O-O Be7 6. Re1 O-O 7. d3 b6 8. Nbd2
Bb7 9. Bf1 Nbd7 10. d4 cxd4 11. cxd4 d5 12. e5 Ne4 13. Nxe4 dxe4 14. Nd2 f5 15.
Bc4 Bd5 16. Bxd5 exd5 17. Nf1 Nb8 18. Qa4 Qc8 19. Ne3 Qe6 20. Qb3 Rd8 21. Bd2
Nc6 22. Nc2 Na5 23. Qh3 Nc4 24. Bc3 Rac8 25. Ne3 g6 26. Nxc4 dxc4 27. Rxe4 Qd5
28. Ree1 b5 29. a3 Rc6 30. Qf3 Qxf3 31. gxf3 Re6 32. Rad1 Rd5 33. Kf1 Bd8 34.
Rc1 Kf7 35. Red1 Bg5 36. Ra1 Rb6 37. Bb4 Bf4 38. h3 a6 39. Ke2 Ke6 40. Bc3 Rb7
41. Bb4 Rbd7 42. Bc3 Rb7 1/2-1/2

[Event "DEM U18 2006"]
[Site "Willingen GER"]
[Date "2006.06.05"]
[Round "3"]
[White "Kaufmann, Benjamin"]
[Black "Beller, Julian"]
[Result "1/2-1/2"]
[Termination "normal"]
[Board "11"]
[WhiteElo "1940"]
[BlackElo "2108"]
[PlyCount "49"]
[WhiteFideId "24613525"]
[BlackFideId "24625868"]
[EventCountry "GER"]
[EventRounds "9"]
[EventType "swiss"]
[EventDate "2006.06.03"]

1. d4 Nf6 2. Nf3 e6 3. Bf4 b6 4. e3 Bb7 5. Nbd2 Be7 6. h3 c5 7. c3 Nc6 8. Bd3
d6 9. Bh2 O-O 10. O-O Re8 11. Qe2 Bf8 12. e4 cxd4 13. cxd4 g6 14. a3 Nh5 15.
Rac1 Bh6 16. Rc2 d5 17. e5 a6 18. Rd1 Qe7 19. Nb3 Rec8 20. Ne1 Rf8 21. g4 Nf4
22. Bxf4 Bxf4 23. Ng2 Bh6 24. f4 Rfc8 25. Rdc1 1/2-1/2

[Event "DEM U18 2006"]
[Site "Willingen GER"]
[Date "2006.06.05"]
[Round "3"]
[White "Grünke, Paul"]
[Black "Ratkovitch, Dimitri"]
[Result "0-1"]
[Termination "normal"]
[Board "12"]
[WhiteElo "1874"]
[BlackElo "2083"]
[PlyCount "76"]
[WhiteFideId "24647802"]
[BlackFideId "24608050"]
[EventCountry "GER"]
[EventRounds "9"]
[EventType "swiss"]
[EventDate "2006.06.03"]

1. e4 d6 2. d4 Nf6 3. Nc3 g6 4. f4 Bg7 5. Nf3 c5 6. Bb5+ Bd7 7. e5 Ng4 8. e6
Bxb5 9. exf7+ Kd7 10. Nxb5 Qa5+ 11. Nc3 cxd4 12. Nxd4 h5 13. h3 Nc6 14. Nde2
Nh6 15. Qd5 Qxd5 16. Nxd5 Rhf8 17. Bd2 Rxf7 18. O-O-O h4 19. Bc3 Bxc3 20. Ndxc3
Nd8 21. Rhg1 Nf5 22. g3 hxg3 23. Nxg3 Ne6 24. Nge2 Rg7 25. Ne4 Rh8 26. Rd3 Rh4
27. Kd1 Rgh7 28. Rxg6 Rxh3 29. Kd2 Rxd3+ 30. Kxd3 Rh3+ 31. Kd2 Rh2 32. N4c3
Nxf4 33. Rg4 e5 34. Ke1 Ne3 35. Rg7+ Kc6 36. Rg3 Nxe2 37. Rxe3 Nd4 38. Kd1 Rxc2
0-1

[Event "DEM U18 2006"]
[Site "Willingen GER"]
[Date "2006.06.05"]
[Round "3"]
[White "Jahner, Marius-Florin"]
[Black "Rafiee, Makan"]
[Result "1/2-1/2"]
[Termination "normal"]
[Board "13"]
[WhiteElo "1876"]
[BlackElo "2044"]
[PlyCount "104"]
[BlackFideId "24609340"]
[EventCountry "GER"]
[EventRounds "9"]
[EventType "swiss"]
[EventDate "2006.06.03"]

1. d4 Nf6 2. Nf3 c5 3. d5 b5 4. e4 Bb7 5. Nbd2 Qa5 6. c3 e6 7. Nb3 Qb6 8. dxe6
dxe6 9. e5 Nfd7 10. Be2 Nc6 11. Bf4 Rd8 12. Qc1 c4 13. Be3 Qc7 14. Nbd4 Nxd4
15. cxd4 Bb4+ 16. Bd2 Bxd2+ 17. Qxd2 Bxf3 18. gxf3 a6 19. O-O O-O 20. Qf4 f6
21. Qg4 fxe5 22. Qxe6+ Kh8 23. dxe5 Rde8 24. Qxa6 Rxe5 25. Rfe1 Rg5+ 26. Kh1
Rf6 27. Qa8+ Nf8 28. Bf1 Rh5 29. h3 Qd7 30. Kh2 Qd4 31. Re2 Qf4+ 32. Kh1 Rfh6
33. Re8 Kg8 34. Qe4 Qg5 35. Qg4 Qc5 36. Rd1 Rd5 37. Rxd5 Qxd5 38. Qe4 Qd1 39.
Kg2 Rg6+ 40. Kh2 Qd6+ 41. f4 Rf6 42. Qe5 Qd2 43. Bg2 Qxf2 44. Rb8 h6 45. Rxb5
Ng6 46. Qd5+ Kh7 47. Qf3 Qd2 48. f5 Nh4 49. Qg4 Nxg2 50. Qxg2 Qf4+ 51. Kh1 Rd6
52. Rd5 Qc1+ 1/2-1/2

[Event "DEM U18 2006"]
[Site "Willingen GER"]
[Date "2006.06.06"]
[Round "4"]
[White "Zebisch, Paul"]
[Black "Figura, Atila Gajo"]
[Result "0-1"]
[Termination "normal"]
[Board "1"]
[WhiteElo "2039"]
[BlackElo "2352"]
[PlyCount "98"]
[WhiteFideId "24601535"]
[BlackFideId "4688058"]
[EventCountry "GER"]
[EventRounds "9"]
[EventType "swiss"]
[EventDate "2006.06.03"]

1. e4 g6 2. d4 Bg7 3. c4 d6 4. Nc3 Nf6 5. f3 O-O 6. Be3 Nbd7 7. Bd3 c5 8. d5
Ne5 9. Nge2 e6 10. Rb1 exd5 11. cxd5 a6 12. O-O b5 13. a3 Nfd7 14. f4 Ng4 15.
Qd2 Nb6 16. h3 Nxe3 17. Qxe3 b4 18. axb4 cxb4 19. Na2 a5 20. Bb5 f5 21. Nd4
Bxd4 22. Qxd4 fxe4 23. Bc6 Rb8 24. Rbe1 Ba6 25. Rf2 Bd3 26. Nc1 Qf6 27. Qxf6
Rxf6 28. Nxd3 exd3 29. b3 Rbf8 30. Rd1 Rxf4 31. Rxf4 Rxf4 32. Rxd3 Rf5 33. g4
Re5 34. Kf2 Kf7 35. h4 h6 36. Rf3+ Ke7 37. Rd3 Nd7 38. Rd1 Nc5 39. Rb1 Re4 40.
Kf3 g5 41. hxg5 hxg5 42. Rh1 Rf4+ 43. Ke3 Rxg4 44. Rh7+ Kf6 45. Ra7 Rg3+ 46.
Kf2 Rxb3 47. Rxa5 Ke5 48. Ra8 Ne4+ 49. Kg2 g4 0-1

[Event "DEM U18 2006"]
[Site "Willingen GER"]
[Date "2006.06.06"]
[Round "4"]
[White "Feuerstack, Aljoscha"]
[Black "Abel, Dennes"]
[Result "1/2-1/2"]
[Termination "normal"]
[Board "2"]
[WhiteElo "2296"]
[BlackElo "2268"]
[PlyCount "127"]
[WhiteFideId "4681932"]
[BlackFideId "24605417"]
[EventCountry "GER"]
[EventRounds "9"]
[EventType "swiss"]
[EventDate "2006.06.03"]

1. e4 e5 2. Nf3 d6 3. d4 exd4 4. Nxd4 Nf6 5. Nc3 Be7 6. g3 d5 7. e5 Ng4 8. Bg2
Nxe5 9. Qe2 Nec6 10. Be3 Nxd4 11. Bxd4 O-O 12. Nxd5 Bb4+ 13. Nxb4 Qxd4 14. c3
Qc5 15. Nd5 Be6 16. b4 Qd6 17. Rd1 Bxd5 18. Bxd5 Qb6 19. O-O Nc6 20. Rfe1 a5
21. a3 axb4 22. axb4 Kh8 23. Qc4 f5 24. Bxc6 bxc6 25. Rd7 f4 26. gxf4 Rf6 27.
Rde7 h6 28. Re8+ Rf8 29. Rxa8 Rxa8 30. Re7 c5 31. Re6 Qb7 32. Qe4 Qxe4 33. Rxe4
cxb4 34. Rxb4 Rf8 35. Kg2 Rf5 36. Rc4 c5 37. Re4 Kh7 38. Kf3 Rh5 39. Kg3 Rd5
40. Kg4 Kg6 41. Re6+ Kf7 42. Rc6 Rd2 43. f3 Rxh2 44. Rxc5 g6 45. Rc7+ Kf6 46.
Rc6+ Kf7 47. c4 Rg2+ 48. Kh3 Rc2 49. c5 Rc1 50. Rc8 Kg7 51. c6 Rc5 52. Kg3 Kh7
53. Kf2 Rc2+ 54. Kg3 Rc5 55. Kh4 Rc4 56. Kg4 Kg7 57. Kg3 Rc5 58. c7 Rc4 59. Kf2
Rc2+ 60. Ke3 Rc1 61. Ke4 Re1+ 62. Kd3 Rc1 63. Kd2 Rc5 64. Ke3 1/2-1/2

[Event "DEM U18 2006"]
[Site "Willingen GER"]
[Date "2006.06.06"]
[Round "4"]
[White "Armbrust, Florian"]
[Black "Huschenbeth, Niclas"]
[Result "1-0"]
[Termination "normal"]
[Board "3"]
[WhiteElo "2272"]
[BlackElo "2293"]
[PlyCount "77"]
[WhiteFideId "4691350"]
[BlackFideId "24604747"]
[EventCountry "GER"]
[EventRounds "9"]
[EventType "swiss"]
[EventDate "2006.06.03"]

1. e4 e5 2. Nf3 Nc6 3. Bb5 a6 4. Bxc6 dxc6 5. O-O Qf6 6. d4 exd4 7. Bg5 Qd6 8.
Nxd4 Be7 9. Bxe7 Nxe7 10. Nc3 O-O 11. f4 b6 12. f5 c5 13. Nf3 f6 14. Qe1 Bb7
15. Rd1 Qc6 16. g4 Rae8 17. Qd2 b5 18. Qd7 Qb6 19. Rfe1 Bc6 20. Qd2 Nc8 21. Nd5
Qb7 22. Qf2 Rxe4 23. Rxe4 Bxd5 24. Re3 Nd6 25. b3 h5 26. h3 hxg4 27. hxg4 b4
28. Nh4 Ne4 29. Qh2 Re8 30. Ng6 c6 31. Rde1 Qd7 32. Qf4 a5 33. Qf3 Kf7 34. Rxe4
Bxe4 35. Rxe4 Rxe4 36. Qxe4 Qd1+ 37. Kf2 Qd2+ 38. Qe2 Qd4+ 39. Qe3 1-0

[Event "DEM U18 2006"]
[Site "Willingen GER"]
[Date "2006.06.06"]
[Round "4"]
[White "Frübing, Stefan"]
[Black "Bäumler, Ilja"]
[Result "1-0"]
[Termination "normal"]
[Board "4"]
[WhiteElo "2233"]
[BlackElo "2209"]
[PlyCount "81"]
[WhiteFideId "4682165"]
[BlackFideId "4681070"]
[EventCountry "GER"]
[EventRounds "9"]
[EventType "swiss"]
[EventDate "2006.06.03"]

1. e4 e6 2. d4 d5 3. Nc3 Bb4 4. e5 c5 5. a3 Bxc3+ 6. bxc3 Ne7 7. Nf3 Bd7 8. a4
Qa5 9. Qd2 h6 10. Be2 c4 11. Ba3 Bxa4 12. O-O b5 13. Nh4 Nbc6 14. f4 g6 15. g4
Qd8 16. Rf2 a5 17. Bc5 Rb8 18. Kh1 Kd7 19. f5 Qg8 20. f6 Nc8 21. Ng2 g5 22. Ne3
Qg6 23. Bf3 Nb6 24. Rff1 Rhc8 25. Bd6 Rb7 26. Rfb1 Qh7 27. Qg2 Qg6 28. Bc5 Rcb8
29. Rb2 Qh7 30. h3 Qg6 31. Kh2 Qh7 32. Kg1 Qg6 33. Kh1 Qh7 34. Kh2 Qg6 35. Nxd5
exd5 36. Bxd5 Rc8 37. Be4 Qg8 38. Bxb6 Rxb6 39. Rxa4 Kc7 40. Ra1 Qe8 41. Qg3
1-0

[Event "DEM U18 2006"]
[Site "Willingen GER"]
[Date "2006.06.06"]
[Round "4"]
[White "Hirneise, Tobias"]
[Black "Mijatovic, Vladimir"]
[Result "1/2-1/2"]
[Termination "normal"]
[Board "5"]
[WhiteElo "2210"]
[BlackElo "2213"]
[PlyCount "51"]
[WhiteFideId "24600881"]
[BlackFideId "934062"]
[EventCountry "GER"]
[EventRounds "9"]
[EventType "swiss"]
[EventDate "2006.06.03"]

1. e4 c5 2. Nf3 d6 3. d4 cxd4 4. Nxd4 Nf6 5. Nc3 a6 6. Be3 e6 7. Be2 Nbd7 8. g4
Nc5 9. f3 b5 10. b4 Nb7 11. a3 Qc7 12. Qd2 Nd8 13. O-O Bb7 14. Rac1 Rc8 15. Nd1
d5 16. e5 Nd7 17. f4 Be7 18. g5 O-O 19. Bd3 f6 20. gxf6 gxf6 21. Qg2+ Kh8 22.
Qh3 Rg8+ 23. Kh1 Nf8 24. exf6 Bxf6 25. Nf2 Qc3 26. Nd1 1/2-1/2

[Event "DEM U18 2006"]
[Site "Willingen GER"]
[Date "2006.06.06"]
[Round "4"]
[White "Rehberg, Raphael"]
[Black "Becker, Nils"]
[Result "1-0"]
[Termination "normal"]
[Board "6"]
[WhiteElo "2246"]
[BlackElo "2165"]
[PlyCount "75"]
[WhiteFideId "4686799"]
[BlackFideId "4695216"]
[EventCountry "GER"]
[EventRounds "9"]
[EventType "swiss"]
[EventDate "2006.06.03"]

1. e4 c5 2. Nf3 Nc6 3. Bb5 g6 4. Bxc6 dxc6 5. d3 Bg7 6. h3 Nf6 7. Nc3 Nd7 8.
Be3 e5 9. Qd2 h6 10. O-O Qe7 11. Nh2 Nf8 12. f4 exf4 13. Bxf4 Be6 14. Rae1
O-O-O 15. Nf3 g5 16. Bg3 Ng6 17. a4 g4 18. hxg4 Bxg4 19. a5 Rdg8 20. Na4 Bxf3
21. Rxf3 Bd4+ 22. Kh1 Qg5 23. Qe2 h5 24. Bh2 Nh4 25. Rxf7 Nxg2 26. Ref1 Be5 27.
R7f5 Qe3 28. Qxe3 Nxe3 29. Bxe5 Nxf1 30. Rxf1 Rh7 31. Nxc5 h4 32. d4 h3 33. d5
cxd5 34. exd5 b6 35. Ne4 Rd8 36. axb6 axb6 37. Nd6+ Kd7 38. Ra1 1-0